Peyton or Eli Manning? - Statistics

General Stats
  • This quiz has been taken 66 times
  • The average score is 7 of 10
Answer Stats
Question Answer % Correct
Which brother played for two teams? Peyton Manning
94%
Which brother is older? Peyton Manning
94%
Which one is heavier? (in lbs) Peyton Manning
94%
Which brother went to the University of Mississippi Eli Manning
89%
Which brother played in more seasons? Peyton Manning
83%
Which brother won 2 Super Bowl MVP's Eli Manning
61%
Which brother played in Superbowl XLII Eli Manning
61%
Which brother played in Superbowl XLI Peyton Manning
61%
Which one was a Pro Bowler in 2015 Eli Manning
56%
Which brother played in Superbowl XLIV Peyton Manning
44%
No matching quizzes found
Score Distribution
Percent of People with Each Score
Percentile by Number Answered
Your Score History
You have not taken this quiz